| 000 | 00597cas a22002055a 4500 | ||
|---|---|---|---|
| 001 | L138083 | ||
| 008 | 070515c xxkux p 0 a0eng u | ||
| 035 | _a(Sirsi) u138083 | ||
| 041 | 0 | _aeng | |
| 110 | 2 |
_aRoyal Institution of Chartered Surveyors _bNorth Yorkshire and South Durham Branch _95197 |
|
| 240 | _aBranch | ||
| 245 | 0 | 0 | _aBranch News |
| 260 |
_aS.l. _bRICS _c[199?]- |
||
| 362 | 0 | _a(4) March/June 1993-(5) April/May 1994 | |
| 554 | _aUnknown | ||
| 651 | 4 | _aCOUNTY DURHAM | |
| 651 | 4 | _aNORTH YORKSHIRE | |
| 690 | _aMANAGEMENT-BUSINESS MANAGEMENT-PROFESSIONAL PRACTICE | ||
| 942 | _n0 | ||
| 999 |
_c118953 _d118953 |
||